00651 a2200145 4500003000500000005001700005040000900022082001500031100002400046245004600070260002700116300001000143505034200153650001000495Nust20230125133857.0 cNust a808.83,ROB aRobertson, E. Arnot aThree came unarmed /c E. Arnot Robertson aLondonbJonathanc1933 a288 p aOn Broken Ship (Page-9), Passage to England (Page-26), At West Mersea (Page-38), Dawn Had A headache (Page-64), Annie and Dawn (Page-104), Nonie Luck and Dawns (Page-174), Nonie and Hugh Eves (Page-214), Herel in Paley (Page-230), Summer is not the Worthy of Spring (Page-257), Man in the Herd (Page-268), Sailing With Colin (Page-278).  aNovel